[Event "22.Deutsche Senioreneinzelmeisterschaft"]
[Site "Berlin"]
[Date "2010.08.20"]
[Round "5.82"]
[White "Blosze, Winfried"]
[Black "Mayer, Herbert"]
[Result "0-1"]
[WhiteElo "1684"]
[BlackElo "1823"]
[PlyCount "126"]
[EventDate "2010.??.??"]
[WhiteTeam "SV Koenigsspringer 1929 Großauhei"]
[BlackTeam "SC Rochade e.V."]

1. e4 c6 2. d4 d5 3. exd5 cxd5 4. c4 Nf6 5. Nc3 e6 6. Nf3 Be7 7. Be2 O-O 8. O-O
dxc4 9. Bxc4 a6 10. Qe2 b5 11. Bb3 Bb7 12. Rd1 Nd5 13. Nxd5 Bxd5 14. Bxd5 Qxd5
15. Qe5 Rd8 16. Qxd5 Rxd5 17. Be3 Nd7 18. Rac1 h6 19. g3 Nb6 20. b3 Rdd8 21.
Ne5 Bf6 22. Ng4 Be7 23. Ne5 Bf6 24. Ng4 Nd5 25. Rc5 Be7 26. Rc2 Nb4 27. Rcd2
Rac8 28. Ne5 f6 29. Nf3 Rc3 30. Kf1 Rdc8 31. Rb2 Nd5 32. Ke2 Ba3 33. Rbd2 Bc1
34. Rd3 Rc2+ 35. Kf1 Bxe3 36. fxe3 Rxa2 37. e4 Nb4 38. Re3 g5 39. d5 exd5 40.
exd5 g4 41. Nh4 Rxh2 42. Kg1 Rhc2 43. d6 Rc1 44. Re8+ Rxe8 45. Rxc1 Rd8 46. Nf5
Kf7 47. Rf1 h5 48. Rf4 Nd3 49. Rd4 Ne5 50. Rd1 Nf3+ 51. Kf2 Ng5 52. Ra1 Ne4+
53. Kg2 Nxd6 54. Rd1 Nb7 55. Rc1 Rd2+ 56. Kf1 Rd7 57. Rc6 Kg6 58. Ne3 Rd6 59.
Rc7 Na5 60. b4 Nb3 61. Ng2 Nd2+ 62. Ke2 Ne4 63. Nf4+ Kh6 0-1

[Event "22.Deutsche Senioreneinzelmeisterschaft"]
[Site "Berlin"]
[Date "2010.08.20"]
[Round "5.83"]
[White "Tuertmann, Dieter"]
[Black "Vogel, Wilfrid"]
[Result "1-0"]
[WhiteElo "1822"]
[BlackElo "1681"]
[PlyCount "125"]
[EventDate "2010.??.??"]

1. Nf3 d5 2. b3 e6 3. Bb2 Nf6 4. e3 Be7 5. Be2 O-O 6. O-O b6 7. d3 Bb7 8. Nbd2
Nbd7 9. c4 c5 10. Qc2 Rc8 11. Rae1 Qc7 12. h3 Rfe8 13. e4 d4 14. Bc1 e5 15. Nh2
Bd6 16. g3 Nf8 17. Ndf3 h6 18. Kg2 Ng6 19. Bd2 Rcd8 20. Ng4 Nxg4 21. hxg4 Qd7
22. Bd1 f6 23. Rh1 Kf7 24. Qc1 Rh8 25. Rh2 Bf8 26. Reh1 Rg8 27. Ne1 Ke7 28. Rf1
Kd6 29. f3 Ne7 30. a3 Rb8 31. b4 Bc6 32. b5 Bb7 33. a4 g5 34. a5 Bg7 35. Qa3
Ra8 36. a6 Bc8 37. Qc1 Qe6 38. Kg1 Bd7 39. Ng2 Raf8 40. Be2 Kc7 41. f4 Rh8 42.
Qd1 Be8 43. Ne1 Nc8 44. Kg2 Nd6 45. Rhh1 Kd8 46. Nc2 Qe7 47. Na1 Bg6 48. Bf3
Nc8 49. Nb3 Qd6 50. Be2 Be8 51. Rf2 Rf7 52. Rhf1 Rhf8 53. Bc1 Qc7 54. Kg1 Qd6
55. Nd2 Qc7 56. Nf3 Rh8 57. fxe5 fxe5 58. Nxg5 hxg5 59. Bxg5+ Re7 60. Rh2 Rxh2
61. Kxh2 Bh6 62. Bh4 Qd6 63. Rf6 1-0

[Event "22.Deutsche Senioreneinzelmeisterschaft"]
[Site "Berlin"]
[Date "2010.08.20"]
[Round "5.84"]
[White "Fischer, Semen"]
[Black "Rollwitz, Juergen"]
[Result "1/2-1/2"]
[WhiteElo "1678"]
[BlackElo "1819"]
[PlyCount "65"]
[EventDate "2010.??.??"]

1. Nc3 d6 2. d4 Nf6 3. h3 e5 4. dxe5 dxe5 5. Qxd8+ Kxd8 6. Bg5 Be6 7. O-O-O+
Nbd7 8. Nf3 Kc8 9. e3 c6 10. a3 Kc7 11. Bd3 h6 12. Bh4 Bd6 13. Ne4 Nxe4 14.
Bxe4 Nc5 15. Nd2 f6 16. Bf3 Rad8 17. Ne4 Nxe4 18. Bxe4 Rd7 19. Bg3 Rhd8 20. Bd3
f5 21. f3 g5 22. Be1 Bc5 23. Bd2 e4 24. fxe4 fxe4 25. Bxe4 Rxd2 26. Rxd2 Bxe3
27. Bd3 Bd5 28. Kd1 Bxd2 29. Kxd2 Bxg2 30. Rh2 Be4 31. Ke3 Bxd3 32. cxd3 Kd6
33. Rf2 1/2-1/2

[Event "22.Deutsche Senioreneinzelmeisterschaft"]
[Site "Berlin"]
[Date "2010.08.20"]
[Round "5.85"]
[White "Kaiser, Horst"]
[Black "Bilyavskyy, Borys"]
[Result "0-1"]
[WhiteElo "1671"]
[BlackElo "1816"]
[PlyCount "71"]
[EventDate "2010.??.??"]

1. e4 d6 2. d4 Nf6 3. Nc3 g6 4. Nf3 Bg7 5. Bc4 O-O 6. O-O Bg4 7. h3 Bxf3 8.
Qxf3 Nc6 9. Ne2 a6 10. a4 e5 11. c3 Nd7 12. Be3 Qe7 13. a5 Kh8 14. d5 Nd8 15.
Bd3 c5 16. c4 f6 17. g4 Nf7 18. Ng3 Rfb8 19. Qe2 b6 20. Rfb1 Qd8 21. Bd2 Bh6
22. Bxh6 Nxh6 23. Qd2 Nf7 24. b3 bxa5 25. Rxa5 Rb4 26. Qa2 Qb6 27. Ne2 Nb8 28.
Ra1 Nd8 29. Qa3 Nb7 30. Ra4 a5 31. Qc1 Kg7 32. Kg2 Na6 33. Nc3 Rh8 34. Qd2 h5
35. Rh1 Qd8 36. Bf1 0-1

[Event "22.Deutsche Senioreneinzelmeisterschaft"]
[Site "Berlin"]
[Date "2010.08.20"]
[Round "5.86"]
[White "Barwich, Alfred"]
[Black "Bockelmann, Rolf"]
[Result "0-1"]
[WhiteElo "1811"]
[BlackElo "1647"]
[PlyCount "42"]
[EventDate "2010.??.??"]
[WhiteTeam "SV Berolina Mitte e.V."]
[BlackTeam "SG Lasker Steglitz-Wilmersdorf"]

1. d4 Nf6 2. c4 e5 3. dxe5 Ng4 4. Nf3 Nc6 5. Bf4 Bc5 6. e3 f6 7. exf6 Qxf6 8.
Qd2 d6 9. Nc3 O-O 10. a3 a5 11. Ne4 Qe7 12. Nxc5 Rxf4 13. Be2 Rf8 14. Nb3 a4
15. Nbd4 Nce5 16. h3 Nxf3+ 17. gxf3 Nxf2 18. Kxf2 Qh4+ 19. Kg2 Rf6 20. Bd3 Rh6
21. Qf2 Bxh3+ 0-1

[Event "22.Deutsche Senioreneinzelmeisterschaft"]
[Site "Berlin"]
[Date "2010.08.20"]
[Round "5.87"]
[White "Schampel, Arno"]
[Black "Krafzik, Joachim"]
[Result "0-1"]
[WhiteElo "1662"]
[BlackElo "1811"]
[PlyCount "125"]
[EventDate "2010.??.??"]

1. d4 e6 2. c4 f5 3. Nf3 Nf6 4. Nc3 Bb4 5. Qc2 Ne4 6. g3 Nxc3 7. bxc3 Be7 8.
Bg2 O-O 9. O-O d6 10. Rb1 Nd7 11. Ne1 Rb8 12. Nd3 b6 13. Nb4 Bb7 14. e4 a5 15.
Nd3 Bg5 16. Nf4 Bxf4 17. Bxf4 e5 18. Bc1 f4 19. Rd1 Qe7 20. Ba3 Ba6 21. Bf1 Bb7
22. Bh3 Nf6 23. d5 Bc8 24. Bxc8 Rbxc8 25. Qe2 g5 26. gxf4 gxf4 27. f3 Kh8 28.
Kf2 Nh5 29. Ke1 Rg8 30. Kd2 Rg6 31. Rg1 Rcg8 32. Rxg6 Rxg6 33. Qf2 Qg7 34. Qh4
Nf6 35. Kc2 Rh6 36. Qf2 Qd7 37. Kb3 Qh3 38. Rb2 Rg6 39. Rc2 Kg8 40. Bb2 Nd7 41.
Ba3 Kf7 42. Ka4 Ke7 43. Kb3 Nf6 44. Bc1 Nd7 45. Ba3 Kd8 46. Rb2 Kc8 47. Rc2 Rg5
48. Rb2 Nf8 49. Rc2 Ng6 50. Rb2 Nh4 51. Bxd6 Rg2 52. Qxg2 Nxg2 53. Bxe5 Qxf3
54. Ka4 Qxe4 55. Bd4 Qe8+ 56. Kb3 f3 57. a4 Nf4 58. Rf2 Qe4 59. d6 Nd3 60. Rd2
c5 61. Bf6 f2 62. Rd1 Qe2 63. d7+ 0-1

[Event "22.Deutsche Senioreneinzelmeisterschaft"]
[Site "Berlin"]
[Date "2010.08.20"]
[Round "5.88"]
[White "Gimber, Robert"]
[Black "Hoppe, Rainer"]
[Result "0-1"]
[WhiteElo "1635"]
[BlackElo "1810"]
[PlyCount "158"]
[EventDate "2010.??.??"]
[WhiteTeam "SV Riegelsberg 1926"]
[BlackTeam "SG  Wedding e.V."]

1. Nf3 c5 2. e4 Nc6 3. c3 e6 4. d4 cxd4 5. cxd4 d5 6. e5 Qb6 7. Be2 Nge7 8. b3
Nf5 9. Bb2 Bb4+ 10. Kf1 O-O 11. g4 Nh6 12. h3 Kh8 13. Nc3 a6 14. a3 Be7 15. Rc1
Bd7 16. Na4 Qa7 17. Nc5 Rfd8 18. b4 Rac8 19. Kg2 Nb8 20. Qd2 b6 21. Nd3 Bb5 22.
Rxc8 Rxc8 23. Rc1 Qb7 24. Rxc8+ Qxc8 25. Qc1 Qb7 26. Nf4 Bxe2 27. Nxe2 Ng8 28.
Nf4 Qc6 29. Qxc6 Nxc6 30. Nd3 Bf8 31. Ng5 Nd8 32. Bc1 f6 33. Nf3 Nc6 34. Nf4
Nd8 35. Nd3 Ne7 36. Bd2 Nec6 37. Bc3 Kg8 38. Bb2 Kf7 39. Kf1 Ke8 40. Ke2 Kd7
41. Kd2 Nf7 42. Kc3 Be7 43. Bc1 fxe5 44. Ndxe5+ Ncxe5 45. dxe5 Nd8 46. Be3 b5
47. Bb6 Nc6 48. Be3 a5 49. bxa5 Nxa5 50. Nd4 Bxa3 51. Nxb5 Be7 52. f4 Nc4 53.
Bf2 Bd8 54. Kd3 g6 55. Bd4 Kc6 56. Na7+ Kd7 57. Nb5 Ba5 58. Bc3 Bb6 59. Bd4 Kc6
60. Bxb6 Kxb5 61. Bd4 Kc6 62. Kc3 Kd7 63. Kd3 Ke7 64. h4 h5 65. g5 Na5 66. Bc5+
Kd7 67. Bd4 Nc6 68. Kc3 Ne7 69. Kd3 Kc6 70. Bf2 Nf5 71. Kc3 Kb5 72. Kb3 d4 73.
Kc2 Kc4 74. Kd2 Ne7 75. Bg1 Nd5 76. Bh2 Ne3 77. Ke2 Kc3 78. Bg3 Kc2 79. Bf2 d3+
0-1

[Event "22.Deutsche Senioreneinzelmeisterschaft"]
[Site "Berlin"]
[Date "2010.08.20"]
[Round "5.89"]
[White "Bischof, Rainer"]
[Black "Hesselbarth, Karlheinz"]
[Result "1-0"]
[WhiteElo "1809"]
[BlackElo "1606"]
[PlyCount "35"]
[EventDate "2010.??.??"]

1. e4 e5 2. Nf3 Nc6 3. d4 exd4 4. Bc4 Nf6 5. e5 d5 6. Bb5 Ne4 7. Nxd4 Bd7 8.
Bxc6 bxc6 9. O-O Bc5 10. Be3 O-O 11. Nd2 Rb8 12. Nxe4 dxe4 13. Re1 Qe7 14. Nb3
Bxe3 15. Rxe3 f5 16. exf6 gxf6 17. Qd4 f5 18. Rg3+ 1-0

[Event "22.Deutsche Senioreneinzelmeisterschaft"]
[Site "Berlin"]
[Date "2010.08.20"]
[Round "5.90"]
[White "Aronov, Robert"]
[Black "Neudel, Bernd"]
[Result "0-1"]
[WhiteElo "1546"]
[BlackElo "1807"]
[PlyCount "92"]
[EventDate "2010.??.??"]

1. e4 c5 2. c3 d5 3. exd5 Qxd5 4. d4 Nf6 5. Nf3 e6 6. Na3 a6 7. Nc4 Nbd7 8.
Nfd2 Qc6 9. h3 Be7 10. dxc5 Nxc5 11. Ne5 Qc7 12. Be2 O-O 13. O-O Rd8 14. Qc2 g6
15. Ng4 e5 16. Nxf6+ Bxf6 17. Nb3 Bf5 18. Bd3 Bxd3 19. Qd1 Bxf1 20. Qxf1 Nxb3
21. axb3 Qd6 22. Be3 Rd7 23. g3 Qd5 24. b4 Qf3 25. Kh2 Rad8 26. Qg2 Qxg2+ 27.
Kxg2 Rd1 28. Ra2 e4 29. b5 axb5 30. Ra5 R8d5 31. Ra7 Rd7 32. Ra8+ Kg7 33. Re8
Re7 34. Ra8 b4 35. c4 Rd3 36. Bc5 Rb3 37. Bxe7 Bxe7 38. Rb8 Rxb2 39. Rxb7 Bc5
40. Rb5 Bxf2 41. g4 Be1+ 42. Kf1 Bd2 43. Rd5 e3 44. Rd3 Rc2 45. Rd8 b3 46. Rb8
b2 0-1

[Event "22.Deutsche Senioreneinzelmeisterschaft"]
[Site "Berlin"]
[Date "2010.08.20"]
[Round "5.91"]
[White "Andersen, Knut"]
[Black "Muehlhan, Klaus"]
[Result "1/2-1/2"]
[WhiteElo "2004"]
[BlackElo "1826"]
[PlyCount "151"]
[EventDate "2010.??.??"]

1. c4 Nf6 2. Nc3 c5 3. g3 e6 4. Bg2 Nc6 5. Nf3 d5 6. cxd5 Nxd5 7. d3 Be7 8. Bd2
a6 9. Rc1 b5 10. O-O Bb7 11. a3 O-O 12. Rc2 Qb6 13. e4 Nf6 14. Ne2 Rfd8 15. Ne1
Ne5 16. Bc3 Ng6 17. Rd2 e5 18. b4 cxb4 19. axb4 Rac8 20. Qa1 Nd7 21. Nf3 Qe6
22. Rb1 f6 23. Ne1 Nb6 24. Qa2 Nf8 25. Ba1 Rc7 26. Bh3 Qxa2 27. Rxa2 Kf7 28. f4
exf4 29. Bd4 Na4 30. gxf4 Ne6 31. Be3 g5 32. f5 Nf8 33. Bg2 Nd7 34. d4 Ndb6 35.
d5 Nc4 36. Bd4 Bd6 37. Nd3 Ne5 38. Nxe5+ fxe5 39. Be3 Kf6 40. Rc1 Rxc1+ 41.
Nxc1 Bxb4 42. Nd3 Bd6 43. Bf3 Rc8 44. h4 gxh4 45. Rh2 Rc3 46. Be2 Bxd5 47. exd5
e4 48. Bd4+ Kf7 49. Bh5+ Kf8 50. Ne5 Rc1+ 51. Kg2 Rc2+ 52. Kh3 Rxh2+ 53. Kxh2
b4 54. Bd1 Nc3 55. Bb3 e3 56. Kg2 e2 57. Nf3 Ne4 58. Bc4 h3+ 59. Kh1 a5 60. Bg1
a4 61. Bh2 b3 62. Bxe2 b2 63. Bxd6+ Nxd6 64. Bd3 a3 65. Bb1 Nxf5 66. Nd2 Ne3
67. Ba2 Ke7 68. Nb1 Kd6 69. Nxa3 Kc5 70. Bb1 h6 71. Kh2 Nxd5 72. Kxh3 Kd4 73.
Nc2+ Kd3 74. Ne1+ Kd2 75. Nd3 Kc3 76. Kg4 1/2-1/2

[Event "22.Deutsche Senioreneinzelmeisterschaft"]
[Site "Berlin"]
[Date "2010.08.20"]
[Round "5.92"]
[White "Ophoff, Rigobert"]
[Black "Hermann, Armin"]
[Result "1-0"]
[WhiteElo "1806"]
[BlackElo "1477"]
[PlyCount "57"]
[EventDate "2010.??.??"]

1. c4 c5 2. Nc3 Nc6 3. g3 Nf6 4. Bg2 e5 5. d3 d6 6. e4 Be7 7. Nge2 O-O 8. O-O
Bg4 9. h3 Be6 10. f4 exf4 11. gxf4 g6 12. Be3 Qc8 13. Kh2 Kh8 14. Nd5 Bd8 15.
Rc1 Bd7 16. Ng3 Rb8 17. e5 dxe5 18. Bxc5 Nxd5 19. cxd5 exf4 20. Ne4 Bc7 21. d6
Bb6 22. Bxb6 axb6 23. Qb3 Qd8 24. Rxf4 Be6 25. Qc3+ f6 26. Nxf6 Qxd6 27. Ne8+
Qe5 28. Qxe5+ Nxe5 29. Rxf8+ 1-0

[Event "22.Deutsche Senioreneinzelmeisterschaft"]
[Site "Berlin"]
[Date "2010.08.20"]
[Round "5.93"]
[White "Moeller, Dirk"]
[Black "Liszka, Guenter"]
[Result "1/2-1/2"]
[WhiteElo "1436"]
[BlackElo "1803"]
[PlyCount "124"]
[EventDate "2010.??.??"]
[WhiteTeam "SC Kreuzberg e.V."]
[BlackTeam "Sportfreunde Katernberg 1913 e.V"]

1. e4 c5 2. c4 e6 3. Nf3 Nc6 4. Nc3 d6 5. Be2 Nf6 6. O-O Be7 7. d3 O-O 8. b3 a6
9. Ne1 Nd4 10. f4 Qc7 11. Be3 Nxe2+ 12. Qxe2 Bd7 13. d4 cxd4 14. Bxd4 e5 15.
Be3 b5 16. fxe5 dxe5 17. Nd5 Nxd5 18. cxd5 Bc5 19. Nd3 Ba7 20. Rac1 Qd6 21. Nc5
Bc8 22. b4 f5 23. Qh5 Bd7 24. Qh4 Rac8 25. Kh1 fxe4 26. Qxe4 Be8 27. Qg4 Bg6
28. Rfd1 Bf5 29. Qg3 Rc7 30. Bd4 Re7 31. Be3 Rfe8 32. a3 Bg6 33. Bg5 Rf7 34.
Be3 Bh5 35. Rd2 Ref8 36. h3 Rf1+ 37. Rxf1 Rxf1+ 38. Kh2 Rf8 39. Ne6 Rf7 40. Rf2
Qe7 41. Rxf7 Qxf7 42. Qxe5 Bxe3 43. Qxe3 Qd7 44. Qe5 Bg6 45. Qf4 Bf7 46. Qb8+
Be8 47. Nc7 Kf7 48. Qxe8+ Qxe8 49. Nxe8 Kxe8 50. Kg3 Kd7 51. Kf4 Kd6 52. Ke4 h6
53. g3 h5 54. g4 hxg4 55. hxg4 g6 56. Kd4 g5 57. Ke4 Kd7 58. Ke5 Ke7 59. d6+
Kd7 60. Kd5 Kd8 61. Ke6 Ke8 62. d7+ Kd8 1/2-1/2

[Event "22.Deutsche Senioreneinzelmeisterschaft"]
[Site "Berlin"]
[Date "2010.08.20"]
[Round "5.94"]
[White "Sailer, Hans-Peter"]
[Black "Lukas, Wilmar"]
[Result "0-1"]
[WhiteElo "1798"]
[BlackElo "1776"]
[PlyCount "84"]
[EventDate "2010.??.??"]
[WhiteTeam "SV Bergneustadt/Dersch"]
[BlackTeam "SG Lasker Steglitz-Wilmersdorf"]

1. e4 e5 2. Nf3 Nc6 3. Bb5 f5 4. Nc3 Nf6 5. d4 Bb4 6. O-O Bxc3 7. bxc3 Nxe4 8.
Qd3 d5 9. Nxe5 Bd7 10. Nxd7 Qxd7 11. Ba4 O-O 12. c4 Kh8 13. cxd5 Qxd5 14. c3
Qa5 15. Bxc6 bxc6 16. Bb2 Rab8 17. Rfb1 c5 18. f3 Nd6 19. Qc2 Nc4 20. Bc1 Rxb1
21. Rxb1 cxd4 22. Rb4 Ne3 23. Qa4 Qc5 24. Rxd4 Qxc3 25. Bxe3 Qxe3+ 26. Kf1 Re8
27. Qd1 h6 28. h3 c5 29. Rd3 Qe6 30. Rd2 Qa6+ 31. Kg1 c4 32. Rc2 Qb6+ 33. Kh2
Qc7+ 34. g3 Rd8 35. Qe2 Rd4 36. Qe8+ Kh7 37. Qe3 Qd7 38. Kg2 Rd3 39. Qe1 Qd5
40. Qe2 c3 41. Kf2 Qd4+ 42. Ke1 Re3 0-1

[Event "22.Deutsche Senioreneinzelmeisterschaft"]
[Site "Berlin"]
[Date "2010.08.20"]
[Round "5.95"]
[White "Worschech, Roland"]
[Black "Burstein, Garri"]
[Result "1-0"]
[WhiteElo "1644"]
[BlackElo "2006"]
[PlyCount "33"]
[EventDate "2010.??.??"]
[WhiteTeam "SK 1907 Kulmbach"]
[BlackTeam "SC Tornado 86 Hochneukirch"]

1. d4 Nf6 2. c4 e6 3. Nc3 Bb4 4. Qc2 b6 5. Bd2 Bb7 6. a3 Be7 7. e4 d5 8. cxd5
exd5 9. e5 Ne4 10. Be3 Nxc3 11. bxc3 h6 12. Ne2 c5 13. Ng3 c4 14. Be2 Nc6 15.
O-O Qc7 16. f4 O-O-O 17. Qf5+ 1-0

[Event "22.Deutsche Senioreneinzelmeisterschaft"]
[Site "Berlin"]
[Date "2010.08.20"]
[Round "5.96"]
[White "Tochtrop, Lothar"]
[Black "Hopp, Barbara"]
[Result "1-0"]
[WhiteElo "1920"]
[BlackElo "1638"]
[PlyCount "143"]
[EventDate "2010.??.??"]

1. e4 c5 2. Nf3 a6 3. d4 cxd4 4. Nxd4 e6 5. Nc3 Nc6 6. Be3 Be7 7. Be2 d6 8. O-O
Nf6 9. f4 O-O 10. Qe1 Bd7 11. Rd1 Qc7 12. Qg3 Kh8 13. Nxc6 Bxc6 14. e5 Ne4 15.
Nxe4 Bxe4 16. c4 dxe5 17. fxe5 Rad8 18. Rd4 Rxd4 19. Bxd4 Bc5 20. Qe3 Bxd4 21.
Qxd4 Bc6 22. Rd1 g6 23. b4 Rc8 24. Qf4 Qe7 25. c5 Rd8 26. Rd6 Rd7 27. Bc4 Kg7
28. h3 h6 29. Qd2 Qd8 30. Kh2 Qe7 31. Be2 Rc7 32. Bf3 Bb5 33. Qd4 Ba4 34. Rd8
Rd7 35. Rxd7 Bxd7 36. Bxb7 Bb5 37. c6 Qc7 38. Qc5 g5 39. Qc2 Qxe5+ 40. g3 Qc7
41. Kg2 e5 42. a4 Bxc6+ 43. Qxc6 Qe7 44. b5 axb5 45. Qxb5 e4 46. a5 e3 47. Bf3
Qa3 48. a6 Qa2+ 49. Qe2 Qa5 50. g4 Qb6 51. Be4 Qd4 52. Kf3 Qf6+ 53. Kxe3 Qb6+
54. Kf3 Qf6+ 55. Bf5 Qb6 56. Qc4 Qa7 57. Be4 Qb6 58. Qc3+ Kg8 59. Qa3 Qa7 60.
Qd6 Kg7 61. Kg2 Qe3 62. Qd3 Qa7 63. Bf3 Qc5 64. Kf1 Qa7 65. Be2 Qc5 66. Qc4 Qe3
67. Qd3 Qc5 68. Qf5 Qc1+ 69. Kf2 Qc7 70. Kg2 Qa7 71. Bc4 Qc7 72. Qxf7+ 1-0

[Event "22.Deutsche Senioreneinzelmeisterschaft"]
[Site "Berlin"]
[Date "2010.08.20"]
[Round "5.97"]
[White "Finzer, Lothar"]
[Black "Schmidt, Manfred"]
[Result "0-1"]
[WhiteElo "1631"]
[BlackElo "1890"]
[PlyCount "76"]
[EventDate "2010.??.??"]

1. d4 d5 2. c4 c6 3. cxd5 cxd5 4. Nc3 Nf6 5. h3 Nc6 6. Nf3 e6 7. Bg5 Be7 8. e3
O-O 9. Rc1 h6 10. Bh4 Bd7 11. Bd3 Nh7 12. Bxe7 Qxe7 13. Bb1 f5 14. O-O Nf6 15.
a3 Rac8 16. Nd2 Na5 17. f3 Nc4 18. Nxc4 Rxc4 19. Re1 Rfc8 20. Qd3 Qd6 21. Ba2
R4c7 22. Rcd1 Qc6 23. Rd2 Qd6 24. e4 Qg3 25. Qf1 fxe4 26. fxe4 Rxc3 27. bxc3
Nxe4 28. Rd3 Qg5 29. Qf3 Rf8 30. Qe3 Qg6 31. c4 Rf2 32. g4 Rxa2 33. cxd5 exd5
34. Rdd1 Qd6 35. Re2 Rxe2 36. Qxe2 Nc3 37. Qd2 Qg3+ 38. Kf1 Bb5+ 0-1

[Event "22.Deutsche Senioreneinzelmeisterschaft"]
[Site "Berlin"]
[Date "2010.08.20"]
[Round "5.98"]
[White "Steffen, Guenter"]
[Black "Grimm, Willi"]
[Result "1-0"]
[WhiteElo "1865"]
[BlackElo "1629"]
[PlyCount "101"]
[EventDate "2010.??.??"]

1. Nc3 Nf6 2. e4 d6 3. d4 g6 4. Bc4 Bg7 5. Qe2 c6 6. a4 O-O 7. f3 a5 8. Qf2 Qb6
9. Nge2 Nbd7 10. O-O Ne8 11. Bg5 Bf6 12. Be3 Qc7 13. Rfd1 Bg7 14. Bb3 Nef6 15.
h3 Re8 16. Rd2 Rb8 17. f4 b5 18. e5 dxe5 19. fxe5 Nd5 20. Nxd5 cxd5 21. Bxd5 e6
22. Bb3 Nb6 23. axb5 Bb7 24. Nc3 Red8 25. Rxa5 Nc4 26. b6 Qc6 27. Rc5 Qxc5 28.
dxc5 Nxd2 29. Bxd2 Bxe5 30. Be3 Ra8 31. Bc4 Ra1+ 32. Bf1 Ba6 33. c6 Rxf1+ 34.
Qxf1 Bxf1 35. Kxf1 Rc8 36. c7 Bxc7 37. bxc7 Rxc7 38. Ke2 f5 39. Kd3 Rd7+ 40.
Kc4 Kf7 41. b4 Ke8 42. b5 Kd8 43. b6 Kc8 44. Na4 e5 45. Kb5 f4 46. Bc5 e4 47.
Kc6 e3 48. Nc3 g5 49. Bd6 h5 50. Ne2 Rf7 51. c4 1-0

[Event "22.Deutsche Senioreneinzelmeisterschaft"]
[Site "Berlin"]
[Date "2010.08.20"]
[Round "5.99"]
[White "Baranowsky, Peter"]
[Black "Sube, Guenter"]
[Result "1-0"]
[WhiteElo "1844"]
[BlackElo "1624"]
[PlyCount "103"]
[EventDate "2010.??.??"]

1. d4 Nf6 2. Nf3 b6 3. g3 Bb7 4. Bg2 e6 5. c4 d6 6. Nc3 Be7 7. O-O Nbd7 8. b3
Rc8 9. Bb2 d5 10. Ne5 c5 11. cxd5 Nxe5 12. dxe5 Nxd5 13. Nb5 Ba6 14. Nd6+ Bxd6
15. exd6 Nf6 16. Re1 O-O 17. e4 Bb7 18. e5 Nd5 19. Qg4 Qd7 20. Rad1 Rcd8 21.
Bxd5 exd5 22. e6 fxe6 23. Rxe6 d4 24. Rde1 Qc6 25. R1e4 Rxd6 26. Re7 Rg6 27.
Qe2 Rgf6 28. f4 R6f7 29. R7e6 Qd7 30. R4e5 Ba8 31. Qd3 Qb7 32. Re4 Qd5 33. Bc1
Qf5 34. Qe2 Bxe4 35. Rxe4 Qd7 36. Bd2 Qb7 37. g4 a5 38. h3 Qd7 39. Kg2 a4 40.
Kg3 axb3 41. axb3 Rc8 42. f5 b5 43. Qf2 Re8 44. Rf4 Rfe7 45. f6 gxf6 46. Rxf6
Rf7 47. Bh6 Rxf6 48. Qxf6 Qf7 49. Qg5+ Kh8 50. Qxc5 Qxb3+ 51. Kh4 Qe3 52. Bxe3
1-0

[Event "22.Deutsche Senioreneinzelmeisterschaft"]
[Site "Berlin"]
[Date "2010.08.20"]
[Round "5.100"]
[White "Franke, Helmut"]
[Black "Wulf, Adalbert"]
[Result "1/2-1/2"]
[WhiteElo "1622"]
[BlackElo "1805"]
[PlyCount "58"]
[EventDate "2010.??.??"]

1. c4 Nf6 2. Nc3 d6 3. g3 g6 4. Bg2 Bg7 5. d3 c6 6. Nf3 Nbd7 7. Bd2 O-O 8. Qc1
Re8 9. Bg5 Qa5 10. Qd2 Qc7 11. O-O Rb8 12. a4 b6 13. Rab1 Bb7 14. b4 a6 15.
Rfc1 Rbc8 16. Bh6 Nf8 17. Bxg7 Kxg7 18. Nh4 h6 19. Bh3 Rcd8 20. a5 N8d7 21. Bg2
Rb8 22. axb6 Qd8 23. Na4 e5 24. c5 d5 25. e4 dxe4 26. dxe4 Nf8 27. Rd1 Ne6 28.
Nb2 Qe7 29. Nc4 Red8 1/2-1/2

[Event "22.Deutsche Senioreneinzelmeisterschaft"]
[Site "Berlin"]
[Date "2010.08.20"]
[Round "5.101"]
[White "Raabe, Joachim"]
[Black "Reichel, Rolf"]
[Result "1/2-1/2"]
[WhiteElo "1790"]
[BlackElo "1622"]
[PlyCount "149"]
[EventDate "2010.??.??"]

1. e4 c5 2. Nc3 Nc6 3. f4 d6 4. Bb5 a6 5. Bxc6+ bxc6 6. Nf3 e6 7. O-O d5 8. e5
f5 9. exf6 Nxf6 10. d3 Bd6 11. Qe1 O-O 12. Qh4 Qe8 13. Ne5 Qh5 14. Qg3 d4 15.
Na4 Bb7 16. Nb6 Rae8 17. Nbc4 Bc7 18. Bd2 Bxe5 19. Nxe5 Re7 20. Rae1 Nd5 21. a3
a5 22. c4 dxc3 23. bxc3 Qe8 24. c4 Nf6 25. Qf2 Nd7 26. Qe3 Nxe5 27. fxe5 Rxf1+
28. Rxf1 Qd7 29. Qxc5 Re8 30. Rf3 a4 31. d4 h6 32. Be3 Kh7 33. Bd2 Rd8 34. Bc3
Kg6 35. Qb4 c5 36. Rg3+ Kh7 37. Qxc5 Rc8 38. Qd6 Qf7 39. d5 Qf4 40. Qb4 Qc1+
41. Be1 Rxc4 42. Qd2 Qxd2 43. Bxd2 Bxd5 44. Re3 Re4 45. g3 Rxe3 46. Bxe3 Kg6
47. Bc5 h5 48. Bf8 Kf7 49. Bd6 g5 50. Kf2 Kg6 51. Ke3 Kf5 52. Be7 g4 53. Bf6
Bb3 54. Kd4 Bd5 55. Kc5 Ke4 56. Kd6 Kf3 57. Ke7 Kg2 58. Kf7 Kxh2 59. Bh4 Kg2
60. Kg6 Kf2 61. Kxh5 Bf3 62. Kg5 Ke3 63. Kf6 Bd5 64. Bg5+ Kd4 65. Bd2 Kd3 66.
Bb4 Ke2 67. Kg5 Bf3 68. Kf4 Kd3 69. Be1 Kc4 70. Kg5 Kb5 71. Bb4 Kc4 72. Kf6 Kd5
73. Bc3 Bd1 74. Bb2 Bb3 75. Bc3 1/2-1/2

[Event "22.Deutsche Senioreneinzelmeisterschaft"]
[Site "Berlin"]
[Date "2010.08.20"]
[Round "5.102"]
[White "Husser, Oskar"]
[Black "Didzuhn, Werner"]
[Result "0-1"]
[WhiteElo "1620"]
[BlackElo "1788"]
[PlyCount "82"]
[EventDate "2010.??.??"]
[WhiteTeam "SC Caissa Falkensee e.V."]
[BlackTeam "Landessenioren-SV Bran"]

1. Nf3 e6 2. g3 f5 3. Bg2 Nf6 4. d4 d5 5. O-O c6 6. Nbd2 Bd6 7. c4 O-O 8. c5
Bc7 9. Ne5 Bxe5 10. dxe5 Nfd7 11. b4 Nxe5 12. Bb2 Nf7 13. f4 Nd7 14. Nf3 b6 15.
Nd4 Qe8 16. Nxc6 bxc5 17. bxc5 Nf6 18. Nd4 Nd8 19. Nxf5 Qh5 20. Ne3 Rb8 21. Be5
Rb5 22. Bf3 Qe8 23. Qd3 Ba6 24. a4 Ra5 25. Qc2 Nc6 26. Bc7 Nd4 27. Qd1 Nxf3+
28. Rxf3 Rxc5 29. Bd6 Ne4 30. Bxc5 Nxc5 31. Qc2 Ne4 32. Ng4 Qe7 33. Ne5 Rc8 34.
Qb2 Qc5+ 35. Kg2 Nc3 36. Rc1 d4 37. Nd3 Qc4 38. Qb4 Qd5 39. Rc2 h6 40. Nc1 Kh7
41. Kf1 Qxf3+ 0-1

[Event "22.Deutsche Senioreneinzelmeisterschaft"]
[Site "Berlin"]
[Date "2010.08.20"]
[Round "5.103"]
[White "Minte, Horst"]
[Black "Fritsch, Juergen"]
[Result "1/2-1/2"]
[WhiteElo "1613"]
[BlackElo "1774"]
[PlyCount "145"]
[EventDate "2010.??.??"]
[WhiteTeam "SK Lister Turm"]
[BlackTeam "SK Lister Turm"]

1. d4 d5 2. Nf3 Bf5 3. Bf4 e6 4. e3 Nd7 5. Bd3 Ngf6 6. Bxf5 exf5 7. Nbd2 Ne4 8.
h3 Be7 9. Qe2 c6 10. Ne5 Nxe5 11. Bxe5 O-O 12. Nxe4 fxe4 13. O-O f6 14. Bg3 f5
15. c4 Rc8 16. Rac1 a6 17. Rc2 Qd7 18. Rfc1 Rfd8 19. a3 Qe6 20. b4 dxc4 21.
Qxc4 Qxc4 22. Rxc4 Rd5 23. Be5 g5 24. g4 Rf8 25. f4 h6 26. R1c2 Kh7 27. Kg2 Kg6
28. Kg3 h5 29. gxf5+ Rxf5 30. Rg2 Kf7 31. Rc1 Ke6 32. Rcg1 a5 33. bxa5 Rxa5 34.
Ra2 b5 35. Rc1 Kd5 36. Kf2 gxf4 37. exf4 c5 38. dxc5 Bxc5+ 39. Ke2 Bxa3 40.
Rd2+ Ke6 41. Rc6+ Ke7 42. Rd4 Ra4 43. Ke3 Rxd4 44. Kxd4 Kd7 45. Ra6 Bf8 46. Rg6
Be7 47. Kxe4 Rf8 48. Rg7 Ra8 49. Bf6 Re8 50. Kd5 Kd8 51. Be5 Rf8 52. Ke6 Bh4
53. Rd7+ Kc8 54. Ra7 Re8+ 55. Kf7 Rd8 56. Rc7+ Kb8 57. Rc5+ Ka7 58. Rxb5 Rd3
59. Kg6 Rxh3 60. Kxh5 Be7+ 61. Kg6 Ka6 62. Rd5 Kb6 63. f5 Kc6 64. Rd4 Re3 65.
Bf6 Bc5 66. Rd2 Rg3+ 67. Kf7 Rf3 68. Kg6 Rg3+ 69. Kh5 Rg8 70. Rd3 Rg2 71. Be5
Be7 72. Rg3 Re2 73. Bf4 1/2-1/2

[Event "22.Deutsche Senioreneinzelmeisterschaft"]
[Site "Berlin"]
[Date "2010.08.20"]
[Round "5.105"]
[White "Hentzschel, Erhard"]
[Black "Krusemark, Gerhard"]
[Result "1-0"]
[WhiteElo "1764"]
[BlackElo "1611"]
[PlyCount "87"]
[EventDate "2010.??.??"]
[WhiteTeam "Peiner SV"]
[BlackTeam "TSG Rot-Weiß Fredersdorf/Vogelsd"]

1. e4 e6 2. d4 d5 3. exd5 exd5 4. Nf3 Bd6 5. Bd3 Ne7 6. O-O Bg4 7. Bg5 f6 8.
Bh4 Nd7 9. c3 c6 10. Bg3 Qc7 11. Bxd6 Qxd6 12. Nbd2 O-O-O 13. b4 Rhe8 14. a4
Kb8 15. a5 Bf5 16. Nb3 Bxd3 17. Qxd3 Ng6 18. g3 Re4 19. Nc5 Rde8 20. Nd2 Re2
21. Rfb1 Ngf8 22. Nf1 R2e7 23. Ne3 g6 24. c4 f5 25. cxd5 cxd5 26. Qb5 Nf6 27.
Nd3 Qd7 28. Qxd7 N8xd7 29. Nf4 Re4 30. Rd1 g5 31. Nfxd5 f4 32. Nxf6 Nxf6 33.
Nf5 R8e6 34. Kg2 Nd5 35. Rac1 Nxb4 36. d5 Rf6 37. g4 Re5 38. d6 Nc6 39. a6 Re8
40. axb7 Kxb7 41. Rb1+ Ka8 42. Ne7 Nxe7 43. dxe7 Re6 44. Rd8+ 1-0